Apuntes para una teoría de la acumulación /
Este artículo profundiza en la teoría de la acumulación, examinando detenidamente las dinámicas de acumulación de capital en el contexto económico y social contemporáneo. Se explora el proceso de acumulación desde una perspectiva crítica, analizando cómo afecta la distribución de la riqueza, las cla...
Gespeichert in:
| 1. Verfasser: | |
|---|---|
| Format: | Buch |
| Sprache: | Spanish |
| Schlagworte: | |
| Tags: |
Tag hinzufügen
Keine Tags, Fügen Sie den ersten Tag hinzu!
|
MARC
| LEADER | 00000nam a22000007a 4500 | ||
|---|---|---|---|
| 003 | cru CIDCACS/IIS | ||
| 005 | 20230912115506.0 | ||
| 007 | ta | ||
| 008 | 170914t2014 mx |||p|r|||| 00| 0 spa d | ||
| 040 | |c cru CIDCACS/IIS | ||
| 100 | 1 | |9 5620 |a Lechuga Montenegro, Jesús | |
| 245 | 1 | |a Apuntes para una teoría de la acumulación / |c Jesús Lechuga Montenegro | |
| 300 | |a páginas 3-20 | ||
| 520 | |a Este artículo profundiza en la teoría de la acumulación, examinando detenidamente las dinámicas de acumulación de capital en el contexto económico y social contemporáneo. Se explora el proceso de acumulación desde una perspectiva crítica, analizando cómo afecta la distribución de la riqueza, las clases sociales y la estructura económica en general. Además, se examina el impacto de la globalización económica y se consideran las políticas económicas en juego. Estos análisis proporcionan una base conceptual sólida para comprender las complejas interacciones entre la acumulación de capital y la sociedad en su conjunto. RAR 09/2023 | ||
| 650 | 0 | |2 OCDE |9 669 |a ACUMULACION DE CAPITAL | |
| 650 | 0 | |2 OCDE |9 2565 |a DISTRIBUCION DE LA RIQUEZA | |
| 650 | 0 | |2 OCDE |9 24 |a CLASES SOCIALES | |
| 650 | 0 | |2 OCDE |9 388 |a GLOBALIZACION | |
| 650 | 4 | |2 OCDE |9 2655 |a POLITICA ECONOMICA | |
| 650 | 0 | |2 OCDE |9 2137 |a ESTRUCTURA SOCIAL | |
| 650 | 0 | |2 UNESCO |9 4723 |a ECONOMIA POLITICA | |
| 650 | 0 | |2 UNESCO |9 4894 |a DESIGUALDAD ECONOMICA | |
| 773 | 0 | |0 40436 |9 1332 |a Universidad Autónoma de Nuevo León |d Monterrey, México: Universidad Autónoma de Nuevo León, |o 18210 |t Trayectorias: |x 14058928 (anterior) | |
| 942 | |2 ddc |c PP | ||
| 999 | |c 40446 |d 40446 | ||
